00357nam a2200121Ia 45000010005000000080041000050820027000461000034000732450061001072600024001689010028001929990015002202592241024s9999 xx 000 0 und d aRD/379.7293/r426g/2011 aRepública Dominicana.MINERD 0aGuía orientadora de inicio del año escolar 2010-2011 bSanto Domingoc2011 a28/11/2012 8:50:16 a.m. c8279d8279